00297cam a22001097a 4500008004000000082001700040100001400057245005800071260002900129300001000158650001900168180718b1962 xxu||||| |||| 00| 0 eng d aB142x54 D26w aDas, R.M. aWomen in Manu and his seven commentatorscby R.M. Das aVaranasibKanchanac1962 a288p. aWomen - India.